[Event "Sakhalin"]
[Site "Sakhalin"]
[Date "2007.01.05"]
[Round "3"]
[White "Samokhina, Evgenia"]
[Black "Vereshchagin, Ivan"]
[Result "1-0"]
[WhiteElo "1957"]
[BlackElo "2236"]
[PlyCount "67"]
[EventDate "2007.01.03"]
[EventType "tourn"]
[EventRounds "8"]
[EventCountry "RUS"]
[SourceTitle "EXT 2008"]
[Source "ChessBase"]
[SourceDate "2007.11.25"]
[SourceVersion "1"]
[SourceVersionDate "2007.11.25"]
[SourceQuality "1"]

1. e4 d5 2. exd5 Qxd5 3. Nc3 Qa5 4. d4 Nf6 5. Be2 c6 6. Nf3 Bg4 7. 0-0 Nbd7 8. Bf4 0-0-0 9. Ng5 Bxe2 10. Nxe2 e5 11. Nxf7 exf4 12. Nxh8 f3 13. Ng3 fxg2 14. Re1 Qd5 15. Qd3 Qg8 16. c4 Qxh8 17. Kxg2 h5 18. d5 cxd5 19. cxd5 Qh6 20. Rac1+ Kb8 21. Qc4 Bd6 22. Re6 Qf4 23. Qxf4 Bxf4 24. Re4 Bc7 25. Nf5 Bb6 26. Nxg7 Rg8 27. Re7 Bc5 28. d6 h4 29. Kf1 a6 30. Ne6 Rg6 31. Nxc5 Nxc5 32. Rf7 Nfd7 33. f4 Rg4 34. Rc2 1-0